• 首页
  • 本馆介绍
  • 公告通知
  • 最新文献
  • 馆藏检索
  • 电子资源
  • 读者导购
  • 参考咨询
  • 我的图书馆
  • 登录
  • 详细信息显示
  • 放入我的书架
  • 预约/预借图书
  • 作者相关作品
  • 分类相关作品
  • 丛书相关作品
  • 出版社相关作品

书目信息

  • 表格格式
  • 工作单格式
  • 卡片格式
题名:
中世纪欧洲经济社会史
    
 
作者: 皮朗 著 ;乐文 译
分册:  
出版信息: 上海   上海人民出版社  2014.08
页数: 159页
开本: 23cm
丛书名: 学术译丛
单 册:
中图分类: F150.93
科图分类:
主题词: 欧洲经济--经济史--中世纪 , 欧洲经济 , 经济史
电子资源:
ISBN: 978-7-208-12187-4
000 01394oam2 2200325 450
001 0120141360435
005 20160606170211.71
010    @a978-7-208-12187-4@dCNY28.00
100    @a20140923d2014 em y0chiy0110 ea
101 1  @achi@cfre
102    @aCN@b310000
105    @ay z 000yy
106    @ar
200 1  @a中世纪欧洲经济社会史@9zhong shi ji ou zhou jing ji she hui shi@dEconomic and social history of medieval europe@f(比)亨利·皮朗(Henri Pirenne)著@g乐文译@zeng
205    @a2版
210    @a上海@c上海人民出版社@d2014.08
215    @a159页@d23cm
225 2  @a学术译丛
330    @a本书是皮朗在晚年对自己的研究成果、方法和主要观点进行概述的总结之作。他首先从地中海和北海这两大商业中心的复兴问题入手,认为阿拉伯人在七世纪对地中海西部的控制与封锁是西欧地区自然经济占统治地位的重要因素,庄园制、领地制、封建制正是适应这种情况而形成的。中世纪的经济问题归根结底是城市问题,商业城市的出现在很大程度上引起了农村的变革,即便这种变革的力度是较小的,但是也足以支撑城市的发展。
333    @a经济史研究者
461  0 @12001 @a学术译丛
510 1  @aEconomic and social history of medieval europe@zeng
606 0  @a欧洲经济@x经济史@z中世纪
606 0  @a欧洲经济
606 0  @a经济史
690    @aF150.93@v5
701  0 @c(比)@a皮朗@9pi lang@c(Pirenne, Henri)@4著
702  0 @a乐文@9yue wen@4译
801  0 @aCN@b人天书店@c20140923
905    @b878296-301@dF150.93@e173=2@f6
    
    中世纪欧洲经济社会史=Economic and social history of medieval europe/(比)亨利·皮朗(Henri Pirenne)著/乐文译.-2版.-上海:上海人民出版社,2014.08
    159页;23cm.-(学术译丛)
    使用对象:经济史研究者
    
    ISBN 978-7-208-12187-4:CNY28.00
    本书是皮朗在晚年对自己的研究成果、方法和主要观点进行概述的总结之作。他首先从地中海和北海这两大商业中心的复兴问题入手,认为阿拉伯人在七世纪对地中海西部的控制与封锁是西欧地区自然经济占统治地位的重要因素,庄园制、领地制、封建制正是适应这种情况而形成的。中世纪的经济问题归根结底是城市问题,商业城市的出现在很大程度上引起了农村的变革,即便这种变革的力度是较小的,但是也足以支撑城市的发展。
●
相关链接 在E读中查询图书 在五车中查询图书 在当当中查询图书 在豆瓣中查询图书


正题名:中世纪欧洲经济社会史     索取号:F150.93/173=2         预约/预借

序号 登录号 条形码 馆藏地/架位号 状态 备注
1 878296   208782968   第一样本阅览室/ [索取号:F150.93/173=2] 在馆    
2 878297   208782977   教育系资料室/ [索取号:F150.93/173=2] 在馆    
3 878298   208782986   教育系资料室/ [索取号:F150.93/173=2] 在馆    
4 878299   208782995   教育系资料室/ [索取号:F150.93/173=2] 在馆    
5 878300   208783002   第一借阅区/ [索取号:F150.93/173=2] 在馆    
6 878301   208783011   第一借阅区/ [索取号:F150.93/173=2] 在馆    
唐山师范学院图书馆 欢迎您!
大连网信软件有限公司© 版权所有